000 01311nam0a22002771 4500
001 rc\881930
005 20250622030618.0
035 _a(NLR Aleph) 006059503
090 _a4893785
_c4893785
100 _a20041129d1984 |||y0rusy50 ca
101 0 _arus
102 _aRU
105 _aa |||||||||
200 1 _aВопросы современной электротехнологии
_e[Сб. ст.]
_fПод ред проф. А.С. Васильева и доц. Н.А. Павлова
210 _aНовочеркасск
_cНовочерк. политехн. ин-т
_d1984
215 _a124 с.
_cил.
_d26
225 1 _aИзвестия вузовского Электромеханика
_eЕжемес. науч.-техн. журн.
_fМ-во высш. и сред. спец. образования
_v№ 9. Спец. вып.
300 _aНа обл. только загл. сер.
320 _aБиблиогр. в конце ст.
702 1 _4340
_7ca
_8rus
_aВасильев
_bА. С.
_cд-р техн. наук, высокочастотные электротехнологии
_f1926-2010
_gАлександр Сергеевич
_9236004
_3RU\NLR\AUTH\770236060
801 0 _aRU
_bNLR
_gpsbo
801 1 _aRU
_bELAR
_2rusmarc
852 _aNLR
_jП11/1463
942 _cBOOK
980 _aNB